Manual de patología médica / (Record no. 117943)

MARC details
000 -LEADER
campo de control de longitud fija 01028nam a2200217 i 4500
001 - NÚMERO DE CONTROL
campo de control 117943
003 - IDENTIFICADOR DE NÚMERO DE CONTROL
campo de control ES-MaACL
005 - FECHA Y HORA DE LA ÚLTIMA TRANSACCIÓN
campo de control 20250910063116.0
007 - CAMPO FIJO DE DESCRIPCIÓN FÍSICA--INFORMACIÓN GENERAL
campo de control de longitud fija t|
008 - DATOS DE LONGITUD FIJA--INFORMACIÓN GENERAL
campo de control de longitud fija 070214m19781983sp r ||||1| spa d
100 1# - ENTRADA PRINCIPAL--NOMBRE DE PERSONA
Nombre de persona Peláez Redondo, Julio,
Fechas asociadas al nombre 1915-2001
9 (RLIN) 130961
245 10 - MENCIÓN DEL TÍTULO
Título Manual de patología médica /
Mención de responsabilidad, etc. dirigida por Pelèz Redondo , A. Peña Yáñez.
250 ## - MENCION DE EDICION
Mención de edición [3ª ed.].
260 ## - PUBLICACIÓN, DISTRIBUCIÓN, ETC.
Lugar de publicación, distribución, etc. Madrid :
Nombre del editor, distribuidor, etc. Paz montalvo,
Fecha de publicación, distribución, etc. 1978-1983.
300 ## - DESCRIPCIÓN FÍSICA
Extensión 6 v. :
Otras características físicas il ;
Dimensiones 28 cm.
505 8# - NOTA DE CONTENIDO CON FORMATO
Nota de contenido con formato Contiene: T. I. Respiratorio. Circulatorio. Riñón. Digestivo. Intoxicaciones. Agentes físicos. XV 1205 p.- T. II. Enfermedades del aparato circulatorio, 406 p.- T. III. Enfermedades del aparato digestivo, 676 p.- T. IV. Enfermedades del sistema nervioso, XII, 546 p.- T. V. Enfermedades de los riñones . 216 p.- T. VI. Enfermedades infecciosas y parasitarias. VIII, 450 p.
650 04 - PUNTO DE ACCESO ADICIONAL DE MATERIA--TÉRMINO DE MATERIA
Término de materia o nombre geográfico como elemento de entrada Patología.
9 (RLIN) 15884
700 1# - ENTRADA AGREGADA--NOMBRE PERSONAL
Nombre de persona Peña Yáñez, Arsacio.
9 (RLIN) 90294
852 ## - LOCALIZACIÓN
Ubicación ES-MaACL
Número de control de estantería P-1929
Sublocalización o colección R.98680
Holdings
Estatus retirado Estado de pérdida Estado de daño No para préstamo Biblioteca de origen Biblioteca actual Ubicación en estantería Fecha de adquisición Fuente de adquisición Total de préstamos Signatura topográfica completa Código de barras Visto por última vez Precio de reemplazo Tipo de ítem Koha
        Biblioteca del Ateneo de Madrid Biblioteca del Ateneo de Madrid Depósito 2 17/01/2008     P-1929 1122958 23/02/2023 23/02/2023 Libro impreso